Sports Quiz

Random Sports Quiz

NASCAR Standings Weekly Top 8 1999 Quiz Stats

 Plays Quiz not verified by Sporcle

Challenge
Share
Tweet
Embed
Score 0/272 Timer 18:00
0 Plays Today
Event Driver % Correct
Race 1 DaytonaJeff Gordon
100%
Race 1 DaytonaDale Earnhardt
100%
Race 3 Las VegasJeff Gordon
100%
Race 4 AtlantaJeff Gordon
100%
Race 5 DarlingtonJeff Gordon
100%
Race 6 TexasJeff Gordon
100%
Race 7 BristolJeff Gordon
100%
Race 8 MartinsvilleJeff Gordon
100%
Race 9 TalladegaJeff Gordon
100%
Race 10 FontanaJeff Gordon
100%
Race 11 RichmondJeff Gordon
100%
Race 12 CharlotteDale Earnhardt
100%
Race 12 CharlotteJeff Gordon
100%
Race 13 DoverJeff Gordon
100%
Race 13 DoverDale Earnhardt
100%
Race 14 MichiganJeff Gordon
100%
Race 14 MichiganDale Earnhardt
100%
Race 15 PoconoJeff Gordon
100%
Race 15 PoconoDale Earnhardt
100%
Race 16 SonomaJeff Gordon
100%
Race 16 SonomaDale Earnhardt
100%
Race 17 DaytonaJeff Gordon
100%
Race 17 DaytonaDale Earnhardt
100%
Race 18 LoudonJeff Gordon
100%
Race 18 LoudonDale Earnhardt
100%
Race 19 PoconoJeff Gordon
100%
Race 19 PoconoDale Earnhardt
100%
Race 20 IndianapolisJeff Gordon
100%
Race 20 IndianapolisDale Earnhardt
100%
Race 21 Watkins GlenJeff Gordon
100%
Race 21 Watkins GlenDale Earnhardt
100%
Race 22 MichiganJeff Gordon
100%
Race 22 MichiganDale Earnhardt
100%
Race 23 BristolJeff Gordon
100%
Race 23 BristolDale Earnhardt
100%
Race 24 DarlingtonJeff Gordon
100%
Race 24 DarlingtonDale Earnhardt
100%
Race 25 RichmondJeff Gordon
100%
Race 25 RichmondDale Earnhardt
100%
Race 26 LoudonJeff Gordon
100%
Race 26 LoudonDale Earnhardt
100%
Race 27 DoverJeff Gordon
100%
Race 27 DoverDale Earnhardt
100%
Race 28 MartinsvilleJeff Gordon
100%
Race 28 MartinsvilleDale Earnhardt
100%
Race 29 CharlotteJeff Gordon
100%
Race 29 CharlotteDale Earnhardt
100%
Race 30 TalladegaJeff Gordon
100%
Race 30 TalladegaDale Earnhardt
100%
Race 31 RockinghamJeff Gordon
100%
Race 31 RockinghamDale Earnhardt
100%
Race 32 PhoenixJeff Gordon
100%
Race 32 PhoenixDale Earnhardt
100%
Race 33 HomesteadJeff Gordon
100%
Race 33 HomesteadDale Earnhardt
100%
Race 34 AtlantaJeff Gordon
100%
Race 34 AtlantaDale Earnhardt
100%
Race 4 AtlantaDale Jarrett
98.9%
Race 5 DarlingtonDale Jarrett
98.9%
Race 6 TexasDale Jarrett
98.9%
Race 7 BristolDale Jarrett
98.9%
Race 8 MartinsvilleDale Jarrett
98.9%
Race 9 TalladegaDale Jarrett
98.9%
Race 10 FontanaDale Jarrett
98.9%
Race 11 RichmondDale Jarrett
98.9%
Race 12 CharlotteDale Jarrett
98.9%
Race 13 DoverDale Jarrett
98.9%
Race 14 MichiganDale Jarrett
98.9%
Race 15 PoconoDale Jarrett
98.9%
Race 16 SonomaDale Jarrett
98.9%
Race 17 DaytonaDale Jarrett
98.9%
Race 18 LoudonDale Jarrett
98.9%
Race 19 PoconoDale Jarrett
98.9%
Race 20 IndianapolisDale Jarrett
98.9%
Race 21 Watkins GlenDale Jarrett
98.9%
Race 22 MichiganDale Jarrett
98.9%
Race 23 BristolDale Jarrett
98.9%
Race 24 DarlingtonDale Jarrett
98.9%
Race 25 RichmondDale Jarrett
98.9%
Race 26 LoudonDale Jarrett
98.9%
Race 27 DoverDale Jarrett
98.9%
Race 28 MartinsvilleDale Jarrett
98.9%
Race 29 CharlotteDale Jarrett
98.9%
Race 30 TalladegaDale Jarrett
98.9%
Race 31 RockinghamDale Jarrett
98.9%
Race 32 PhoenixDale Jarrett
98.9%
Race 33 HomesteadDale Jarrett
98.9%
Race 34 AtlantaDale Jarrett
98.9%
Race 2 RockinghamBobby Labonte
96.7%
Race 2 RockinghamMark Martin
96.7%
Race 3 Las VegasBobby Labonte
96.7%
Event Driver % Correct
Race 3 Las VegasMark Martin
96.7%
Race 4 AtlantaBobby Labonte
96.7%
Race 4 AtlantaMark Martin
96.7%
Race 5 DarlingtonBobby Labonte
96.7%
Race 5 DarlingtonMark Martin
96.7%
Race 6 TexasBobby Labonte
96.7%
Race 6 TexasTerry Labonte
96.7%
Race 6 TexasMark Martin
96.7%
Race 7 BristolBobby Labonte
96.7%
Race 7 BristolMark Martin
96.7%
Race 7 BristolTerry Labonte
96.7%
Race 8 MartinsvilleMark Martin
96.7%
Race 8 MartinsvilleBobby Labonte
96.7%
Race 8 MartinsvilleTerry Labonte
96.7%
Race 9 TalladegaMark Martin
96.7%
Race 9 TalladegaBobby Labonte
96.7%
Race 9 TalladegaTerry Labonte
96.7%
Race 10 FontanaBobby Labonte
96.7%
Race 10 FontanaMark Martin
96.7%
Race 10 FontanaTerry Labonte
96.7%
Race 11 RichmondBobby Labonte
96.7%
Race 11 RichmondMark Martin
96.7%
Race 12 CharlotteBobby Labonte
96.7%
Race 12 CharlotteMark Martin
96.7%
Race 13 DoverBobby Labonte
96.7%
Race 13 DoverMark Martin
96.7%
Race 14 MichiganBobby Labonte
96.7%
Race 14 MichiganMark Martin
96.7%
Race 15 PoconoBobby Labonte
96.7%
Race 15 PoconoMark Martin
96.7%
Race 16 SonomaBobby Labonte
96.7%
Race 16 SonomaMark Martin
96.7%
Race 17 DaytonaBobby Labonte
96.7%
Race 17 DaytonaMark Martin
96.7%
Race 18 LoudonMark Martin
96.7%
Race 18 LoudonBobby Labonte
96.7%
Race 19 PoconoMark Martin
96.7%
Race 19 PoconoBobby Labonte
96.7%
Race 19 PoconoTerry Labonte
96.7%
Race 20 IndianapolisMark Martin
96.7%
Race 20 IndianapolisBobby Labonte
96.7%
Race 20 IndianapolisTerry Labonte
96.7%
Race 21 Watkins GlenMark Martin
96.7%
Race 21 Watkins GlenBobby Labonte
96.7%
Race 22 MichiganMark Martin
96.7%
Race 22 MichiganBobby Labonte
96.7%
Race 23 BristolMark Martin
96.7%
Race 23 BristolBobby Labonte
96.7%
Race 23 BristolTerry Labonte
96.7%
Race 24 DarlingtonMark Martin
96.7%
Race 24 DarlingtonBobby Labonte
96.7%
Race 25 RichmondMark Martin
96.7%
Race 25 RichmondBobby Labonte
96.7%
Race 26 LoudonBobby Labonte
96.7%
Race 26 LoudonMark Martin
96.7%
Race 27 DoverMark Martin
96.7%
Race 27 DoverBobby Labonte
96.7%
Race 28 MartinsvilleBobby Labonte
96.7%
Race 28 MartinsvilleMark Martin
96.7%
Race 29 CharlotteBobby Labonte
96.7%
Race 29 CharlotteMark Martin
96.7%
Race 30 TalladegaBobby Labonte
96.7%
Race 30 TalladegaMark Martin
96.7%
Race 31 RockinghamBobby Labonte
96.7%
Race 31 RockinghamMark Martin
96.7%
Race 32 PhoenixBobby Labonte
96.7%
Race 32 PhoenixMark Martin
96.7%
Race 33 HomesteadBobby Labonte
96.7%
Race 33 HomesteadMark Martin
96.7%
Race 34 AtlantaBobby Labonte
96.7%
Race 34 AtlantaMark Martin
96.7%
Race 3 Las VegasJeff Burton
95.6%
Race 4 AtlantaJeff Burton
95.6%
Race 5 DarlingtonJeff Burton
95.6%
Race 5 DarlingtonWard Burton
95.6%
Race 6 TexasJeff Burton
95.6%
Race 6 TexasWard Burton
95.6%
Race 7 BristolJeff Burton
95.6%
Race 7 BristolWard Burton
95.6%
Race 8 MartinsvilleJeff Burton
95.6%
Race 9 TalladegaJeff Burton
95.6%
Race 10 FontanaJeff Burton
95.6%
Race 11 RichmondJeff Burton
95.6%
Race 11 RichmondWard Burton
95.6%
Race 12 CharlotteJeff Burton
95.6%
Race 12 CharlotteWard Burton
95.6%
Race 13 DoverJeff Burton
95.6%
Race 14 MichiganJeff Burton
95.6%
Race 14 MichiganWard Burton
95.6%
Race 15 PoconoJeff Burton
95.6%
Race 15 PoconoWard Burton
95.6%
Event Driver % Correct
Race 16 SonomaJeff Burton
95.6%
Race 17 DaytonaJeff Burton
95.6%
Race 18 LoudonJeff Burton
95.6%
Race 18 LoudonWard Burton
95.6%
Race 19 PoconoJeff Burton
95.6%
Race 20 IndianapolisJeff Burton
95.6%
Race 21 Watkins GlenJeff Burton
95.6%
Race 22 MichiganJeff Burton
95.6%
Race 23 BristolJeff Burton
95.6%
Race 24 DarlingtonJeff Burton
95.6%
Race 25 RichmondJeff Burton
95.6%
Race 26 LoudonJeff Burton
95.6%
Race 27 DoverJeff Burton
95.6%
Race 28 MartinsvilleJeff Burton
95.6%
Race 29 CharlotteJeff Burton
95.6%
Race 30 TalladegaJeff Burton
95.6%
Race 31 RockinghamJeff Burton
95.6%
Race 32 PhoenixJeff Burton
95.6%
Race 33 HomesteadJeff Burton
95.6%
Race 34 AtlantaJeff Burton
95.6%
Race 1 DaytonaRusty Wallace
93.3%
Race 2 RockinghamRusty Wallace
93.3%
Race 3 Las VegasRusty Wallace
93.3%
Race 7 BristolRusty Wallace
93.3%
Race 8 MartinsvilleRusty Wallace
93.3%
Race 9 TalladegaRusty Wallace
93.3%
Race 9 TalladegaTony Stewart
93.3%
Race 10 FontanaTony Stewart
93.3%
Race 10 FontanaRusty Wallace
93.3%
Race 11 RichmondRusty Wallace
93.3%
Race 11 RichmondTony Stewart
93.3%
Race 12 CharlotteTony Stewart
93.3%
Race 13 DoverTony Stewart
93.3%
Race 13 DoverRusty Wallace
93.3%
Race 14 MichiganTony Stewart
93.3%
Race 15 PoconoTony Stewart
93.3%
Race 16 SonomaTony Stewart
93.3%
Race 17 DaytonaTony Stewart
93.3%
Race 17 DaytonaRusty Wallace
93.3%
Race 18 LoudonTony Stewart
93.3%
Race 19 PoconoTony Stewart
93.3%
Race 20 IndianapolisTony Stewart
93.3%
Race 21 Watkins GlenTony Stewart
93.3%
Race 21 Watkins GlenRusty Wallace
93.3%
Race 22 MichiganTony Stewart
93.3%
Race 22 MichiganRusty Wallace
93.3%
Race 23 BristolTony Stewart
93.3%
Race 24 DarlingtonTony Stewart
93.3%
Race 24 DarlingtonRusty Wallace
93.3%
Race 25 RichmondTony Stewart
93.3%
Race 25 RichmondRusty Wallace
93.3%
Race 26 LoudonTony Stewart
93.3%
Race 26 LoudonRusty Wallace
93.3%
Race 27 DoverTony Stewart
93.3%
Race 27 DoverRusty Wallace
93.3%
Race 28 MartinsvilleTony Stewart
93.3%
Race 28 MartinsvilleRusty Wallace
93.3%
Race 29 CharlotteTony Stewart
93.3%
Race 29 CharlotteRusty Wallace
93.3%
Race 30 TalladegaTony Stewart
93.3%
Race 30 TalladegaRusty Wallace
93.3%
Race 31 RockinghamTony Stewart
93.3%
Race 31 RockinghamRusty Wallace
93.3%
Race 32 PhoenixTony Stewart
93.3%
Race 32 PhoenixRusty Wallace
93.3%
Race 33 HomesteadTony Stewart
93.3%
Race 33 HomesteadRusty Wallace
93.3%
Race 34 AtlantaTony Stewart
93.3%
Race 34 AtlantaRusty Wallace
93.3%
Race 1 DaytonaMichael Waltrip
80%
Race 2 RockinghamMichael Waltrip
80%
Race 2 RockinghamJeremy Mayfield
76.7%
Race 3 Las VegasJeremy Mayfield
76.7%
Race 5 DarlingtonJeremy Mayfield
76.7%
Race 6 TexasJeremy Mayfield
76.7%
Race 16 SonomaJeremy Mayfield
76.7%
Race 1 DaytonaMike Skinner
75.6%
Race 2 RockinghamMike Skinner
75.6%
Race 3 Las VegasMike Skinner
75.6%
Race 4 AtlantaMike Skinner
75.6%
Race 5 DarlingtonMike Skinner
75.6%
Race 8 MartinsvilleMike Skinner
75.6%
Race 1 DaytonaKen Schrader
71.1%
Race 2 RockinghamKen Schrader
71.1%
Race 3 Las VegasKen Schrader
71.1%
Race 1 DaytonaKyle Petty
67.8%
Race 1 DaytonaKenny Irwin, Jr.
65.6%
Race 2 RockinghamKenny Irwin, Jr.
65.6%
Race 4 AtlantaErnie Irvan
60%
Race 4 AtlantaChad Little
48.9%

You're not logged in!

Compare scores with friends on all Sporcle quizzes.
OR
Log In

You Might Also Like...

Show Comments

Extras

Created Aug 3, 2017ReportNominate
Tags:1999, driver, event, NASCAR, position, weekly

Top Quizzes Today


Score Distribution

Your Account Isn't Verified!

In order to create a playlist on Sporcle, you need to verify the email address you used during registration. Go to your Sporcle Settings to finish the process.

Report this User

Report this user for behavior that violates our Community Guidelines.

Details: